El acoso impositivo (Registro nro. 18011)

Detalles MARC
000 -LEADER
fixed length control field 00406 a2200145 4500
001 - CONTROL NUMBER
control field ART_12759
005 - DATE AND TIME OF LATEST TRANSACTION
control field 20260410161733.0
008 - FIXED-LENGTH DATA ELEMENTS--GENERAL INFORMATION
fixed length control field 260409a
100 1# - MAIN ENTRY--PERSONAL NAME
Personal name Llanos, Eduardo
245 10 - TITLE STATEMENT
Title El acoso impositivo
700 1# - ADDED ENTRY--PERSONAL NAME
Personal name Pace, Juan Carlos
700 1# - ADDED ENTRY--PERSONAL NAME
Personal name Cravino, Daniel
700 1# - ADDED ENTRY--PERSONAL NAME
Personal name Yemma, Juan Carlos
773 0# - HOST ITEM ENTRY
Title Ejecutivos de finanzas
Related parts - Año 6, Nº 44 (abr. 1988)
Record control number REV2863

No hay ítems disponibles.